Французско-русский электротехнический словарь

Manylion Llyfryddiaeth
Awduron Eraill: Горохов П. К. Петр Кузьмич (редактор), Горькова В. И., Павлов Л. И., Курбатова Н. С., Тареева Б. М.
Crynodeb:Исключено из фонда НТБ ТПУ
Iaith:Rwseg
Ffrangeg
Cyhoeddwyd: Москва, Советская энциклопедия, 1965
Fformat: Llyfr
KOHA link:https://koha.lib.tpu.ru/cgi-bin/koha/opac-detail.pl?biblionumber=52555

MARC

LEADER 00000nam0a2200000 4500
001 52555
005 20231031041815.0
035 |a (RuTPU)RU\TPU\book\55093 
090 |a 52555 
100 |a 20030603d1965 km y0rusy50 ca 
101 0 |a rus  |a fre 
102 |a RU 
105 |a a e 000zy 
200 1 |a Французско-русский электротехнический словарь   |f П. К. Горохов, В. И. Горькова, Л. И. Павлов  |g под ред. Н. С. Курбатовой, Б. М. Тареева 
210 |a Москва  |c Советская энциклопедия  |d 1965 
215 |a 720 с. 
333 |a Исключено из фонда НТБ ТПУ 
701 1 |a Горохов  |b П. К.  |g Петр Кузьмич 
701 1 |a Горькова  |b В. И. 
701 1 |a Павлов  |b Л. И. 
702 1 |a Курбатова  |b Н. С.  |4 340 
702 1 |a Тареева  |b Б. М.  |4 340 
801 1 |a RU  |b 63413507  |c 20030603  |g PSBO 
801 2 |a RU  |b 63413507  |c 20110927  |g PSBO 
942 |c BK